000 00533 a2200193 4500
999 _c4855
_d4855
020 _a0435909908
050 _apr9379.9 DAR 1991
100 _aDarko, Amma
_eauthor
245 _aBeyond the horizon /
_cAmma Darko
264 _aOxford:
_bHeinemann Educational Publishers,
_c1991
300 _a140p. :
440 _aAfrican writers series
500 _aNovel
650 _aWomen -- Ghana -- Fiction
650 _aGhana -- Fiction
650 _aGhanaian literature (English)
651 _aGhana
942 _2lcc
_cBK
_h9379.9
_iDAR
_kPR